| 000 | 01525cpcaa2200337 4500 | ||
|---|---|---|---|
| 001 | mm 81028340 | ||
| 003 | DLC | ||
| 005 | 20260227111708.0 | ||
| 008 | 810401|||||||||||| eng | ||
| 010 | _amm 81028340 | ||
| 040 |
_aDLC _cDLC _edacs _dDLC |
||
| 072 | 7 |
_aW _2lcmd |
|
| 245 | 0 | 0 |
_aKeim family papers, _f1861-1874. |
| 300 |
_a200 _fitems. |
||
| 300 |
_a1 _fcontainer. |
||
| 506 | 0 | _aOpen to research. | |
| 545 | 0 | _aMembers of the Keim (Kimes) family. | |
| 520 | 8 | _aLetterbook (1861) of General William High Keim, Commandant of the 2nd Division, Pennsylvania Volunteers, two scrapbooks (1862-1874) of De Benneville R. Keim, as reporter for the New York Herald, containing newspaper clippings of his dispatches from Civil War battlefields, and other papers. | |
| 546 | _aCollection material in English. | ||
| 600 | 1 | 0 |
_aKeim, De B. Randolph _q(De Benneville Randolph), _d1841-1914. |
| 600 | 1 | 0 |
_aKeim, William High, _d1813-1862 _vCorrespondence. |
| 600 | 3 | 0 | _aKimes family. |
| 610 | 1 | 0 |
_aUnited States. _bArmy. _bPennsylvania Infantry Regiment, 2nd (1861) |
| 630 | 0 | 0 | _aNew York herald. |
| 650 | 0 |
_aAmerican newspapers _zNew York (State) _zNew York. |
|
| 651 | 0 |
_aUnited States _xHistory _yCivil War, 1861-1865. |
|
| 651 | 0 |
_aUnited States _xHistory _yCivil War, 1861-1865 _xJournalists. |
|
| 999 |
_c43135 _d43135 |
||